000 01633nam a2200397 a 4500
001 ebr10641583
003 CaPaEBR
006 m u
007 cr cn|||||||||
008 070206s2006 pauabd sb 000 0 eng d
010 _z 2007295515
020 _z0812219805
020 _z9780812219807
020 _z9780812204483 (e-book)
040 _aCaPaEBR
_cCaPaEBR
035 _a(OCoLC)794702271
043 _an-us-la
050 1 4 _aHT177.N49
_bR43 2006eb
245 0 0 _aRebuilding urban places after disaster
_h[electronic resource] :
_blessons from Hurricane Katrina /
_cedited by Eugenie L. Birch and Susan M. Wachter.
260 _aPhiladelphia :
_bUniversity of Pennsylvania Press,
_cc2006.
300 _axii, 375 p. :
_bill., maps.
490 1 _aThe city in the twenty-first century
504 _aIncludes bibliographical references (p. [345]-364).
533 _aElectronic reproduction.
_bPalo Alto, Calif. :
_cebrary,
_d2013.
_nAvailable via World Wide Web.
_nAccess may be limited to ebrary affiliated libraries.
650 0 _aUrban renewal
_zLouisiana
_zNew Orleans.
650 0 _aCity planning
_zLouisiana
_zNew Orleans.
650 0 _aHurricane Katrina, 2005.
651 0 _aNew Orleans (La.)
_xEconomic conditions.
651 0 _aNew Orleans (La.)
_xSocial conditions.
655 7 _aElectronic books.
_2local
700 1 _aBirch, Eugenie Ladner.
700 1 _aWachter, Susan M.
710 2 _aebrary, Inc.
830 0 _aCity in the twenty-first century book series.
856 4 0 _uhttp://site.ebrary.com/lib/rucke/Doc?id=10641583
_zAn electronic book accessible through the World Wide Web; click to view
999 _c30865
_d30865